Statistics for Parts of France

Click here to take the quiz!

General Stats

  • This quiz has been taken 142 times
  • The average score is 8 of 11

Answer Stats

Answer% Correct
French Guiana
97%
Réunion
89%
Martinique
87%
Guadeloupe
85%
Saint Martin
84%
French Polynesia
80%
New Caledonia
80%
Mayotte
73%
Saint Pierre and Miquelon
71%
Saint Barthélemy
49%
Wallis and Futuna
44%

Score Distribution

Percentile by Number Answered

Percent of People with Each Score

Your Score History

You have not taken this quiz